Relación de los expositores españoles premiados en la Exposición Universal de Chicago de 1893 / (Record no. 163229)

MARC details
000 -LEADER
campo de control de longitud fija 00754nam a22001815i 4500
001 - NÚMERO DE CONTROL
campo de control 163229
003 - IDENTIFICADOR DE NÚMERO DE CONTROL
campo de control ES-MaACL
005 - FECHA Y HORA DE LA ÚLTIMA TRANSACCIÓN
campo de control 20230906212710.0
008 - DATOS DE LONGITUD FIJA--INFORMACIÓN GENERAL
campo de control de longitud fija 990308s1894 sp |||| | spa d
040 ## - FUENTE DE CATALOGACIÓN
Centro catalogador/agencia de origen CCPB | B
Lengua de catalogación spa
Centro/agencia transcriptor CCPB | B
245 00 - MENCIÓN DEL TÍTULO
Título Relación de los expositores españoles premiados en la Exposición Universal de Chicago de 1893 /
Mención de responsabilidad, etc. publicado por la Comisión General de España.
260 ## - PUBLICACIÓN, DISTRIBUCIÓN, ETC.
Lugar de publicación, distribución, etc. Madrid :
Nombre del editor, distribuidor, etc. [s.n.],
Fecha de publicación, distribución, etc. 1894 (
Fabricante Imprenta de Ricardo de Rojas)
300 ## - DESCRIPCIÓN FÍSICA
Extensión XV, 818 p. ;
Dimensiones 24 cm.
597 #1 - NOTA DE DESCRIPCIÓN FÍSICA
NOTA DE DESCRIPCIÓN FÍSICA Port. a dos tintas.
711 21 - ENTRADA AGREGADA--NOMBRE DE REUNIÓN
Nombre de congreso/reunión o jurisdicción como elemento de entrada Exposición Universal.
Unidad subordinada
Fecha del congreso o de la firma del tratado 1893).
Sede del congreso/Lugar de la reunión Chicago)
9 (RLIN) 135145
711 0# - ENTRADA AGREGADA--NOMBRE DE REUNIÓN
Nombre de congreso/reunión o jurisdicción como elemento de entrada World's Columbian Exposition (
Fecha del congreso o de la firma del tratado 1893.
Sede del congreso/Lugar de la reunión Chicago)
9 (RLIN) 135144
852 ## - LOCALIZACIÓN
Ubicación ES-MaACL
Número de control de estantería G-1476
Nota libre -- Enc. hol.
Holdings
Estatus retirado Estado de pérdida Estado de daño No para préstamo Colección Biblioteca de origen Biblioteca actual Ubicación en estantería Fecha de adquisición Fuente de adquisición Total de préstamos Signatura topográfica completa Código de barras Visto por última vez Precio de reemplazo Tipo de ítem Koha
        Libros del s. XIX Biblioteca del Ateneo de Madrid Biblioteca del Ateneo de Madrid Depósito 2 17/01/2008     G-1476 1171046 23/02/2023 23/02/2023 Libro impreso antiguo